000 02596cab a2200265 ab4500
005 20260110063925.0
008 991125c2015 sp fr p o 000 0 spa d
035 _aUPN01000205381
040 _aMX-MxUPN
_bspa
_cMX-MxUPN
_eaacr2
049 _aART-E
100 1 _aNavarro Patón, Rubén
100 1 _aArufe Giraldez, Victor
100 1 _aSancosmed Santaballa, Estefanía
245 0 0 _aLas actividades en el medio natural en la educación física escolar
_b: formación y actitud del profesorado de educación primaria
_h[recurso electrónico en línea]
506 0 _aAcceso abierto
520 3 _aCon la realización de este trabajo pretendemos conocer sí existen diferencias o no, en cuanto actividades en el medio natural que se realizan en el marco del área de Educación Física en los centros educativos rurales y urbanos de Primaria de la provincia de Lugo. Con este propósito, se realizó un estudio descriptivo transversal utilizando como instrumento de recogida de datos un cuestionario ad hoc, consistente en 30 preguntas, haciendo hincapié en factores como los que favorecen su puesta en práctica, aspectos relacionados en cuanto a metodología, al tipo de contenidos y actividades que se realizan y su evaluación. Participaron en el estudio 35 docentes (18 mujeres y 17 hombres). Los resultados muestran un cierto interés de los docentes de Educación Física hacia la realización de este tipo de salidas. No se halló una relación estadística significativa entre los docentes que realizaron cursos de formación o formación inicial sobre este tipo de actividades y su interés en la realización de salidas a la naturaleza, tampoco se halló relación entre el tipo de centro, urbano o rural, y la programación de actividades físicas en el medio natural. Como conclusión y siendo conocedores de las limitaciones de nuestro trabajo es conveniente la realización de futuros estudios sobre este ámbito ahora que en la nueva Ley educativa así aparece reflejado, además de facilitar al docente cursos de formación permanente en este campo con el fin de que adquiera un mayor dominio de estos contenidos, ya según la muestra estudiada la mayoría consideran insuficiente su formación inicial sobre estas actividades.
650 4 _aEducación física
_912884
650 7 _9142
_aActividades deportivas
650 4 _aEducación básica
_97340
653 0 _aACTIVIDADES FISICAS AL AIRE LIBRE
856 4 _uhttps://recyt.fecyt.es/index.php/retos/article/view/34361
902 _aLeonor Sotres
_bLeonor Sotres/241022/M
905 _aArticulo
942 _cART-E
999 _c177482
_d177482